Harry Potter By Letter - Dark Arts - Statistics

General Stats
  • This quiz has been taken 89 times
  • The average score is 15 of 24
Answer Stats
Hint: Letter: Answer: % Correct
One of the unforgivable curses C Crucio
99%
Soul sucking dark creature D Dementor
99%
The killing curse A Avada Kedavra
97%
A creature who lived in the chamber of secrets B Basilisk
97%
One of the unforgivable curses I Imperio
91%
Founder of Hogwarts S Salazar Slytherin
90%
Scabbers real name P Pettigrew
87%
Hogwarts professor Q Quirrell
87%
He who must not be named V Voldemort
86%
Object used to anchor oneself to life H Horcrux
84%
First name of a vicious werewolf F Fenrir
83%
Former death eater and headmaster of Durmstrang K Karkaroff
83%
A death eater Y Yaxley
80%
Starter of the Global wizarding war G Grindelwald
71%
The first horcrux to be destroyed T Tom Riddle's diary
69%
Human infected by lycanthropy W Werewolf
59%
Creator of the Black Quill U Umbridge
56%
A death eater N Nott
43%
The manifistation of the repressed magic of a young witch/wizard O Obscurus
31%
The original inhabitent of the fortress of Azkaban E Ekrizdis
10%
Former master of the elder wand, giving it the name "the Deathstick" L Loxias
9%
A dark-arts book about jinxes J Jinxes for the jinxed
7%
Dark arts book written by Godelot M Magick Moste Evile
7%
Wizard killed by using a patronus while not being pure at heart R Raczidian
6%
No matching quizzes found
Score Distribution
Percent of People with Each Score
Percentile by Number Answered
Your Score History
You have not taken this quiz